| 000 | 00574nam a22002057a 4500 | ||
|---|---|---|---|
| 999 |
_c194180 _d194180 |
||
| 005 | 20221209113509.0 | ||
| 010 | _aENG-135797 | ||
| 020 |
_a9789390961238 _c250.00 |
||
| 035 | _aEN-119329 | ||
| 037 | _bDBAD/PUB | ||
| 082 | _aS | ||
| 100 | _aKhare, Nyasa | ||
| 245 |
_aMy friend NS 230: _bAnd Other Stories/ _cNyasa Khare and ed by Alisha Verma |
||
| 260 |
_aNew Delhi _bVitasta _c2023 |
||
| 270 |
_a2/15,Ansari Road,Daryaganj _bNew Delhi _e110002 |
||
| 300 |
_axv,73p. _c20cm(pbk) |
||
| 500 | _aIncludes index | ||
| 700 | _aVerma, Alisha | ||
| 942 |
_2ddc _cEN _hS _mKHA |
||